Statistics for Dragon Quest VIII: Boss Battles

Click here to take the quiz!

General Stats

  • This quiz has been taken 8 times
  • The average score is 9 of 20

Answer Stats

HintAnswer% Correct
7Dhoulmagus
67%
8Dhoulmagus
67%
1Geyzer
67%
15Rhapthorne
67%
20Rhapthorne
67%
5Don Mole
50%
9Evil Jessica
50%
6Great Argon Lizard
50%
2Khalamari
50%
3Tortured Soul
50%
4Trap Box
50%
10Captain Crow
33%
11Empyrea
33%
12Gemon
33%
14Marcello
33%
18Megalodon
33%
19Ruin
33%
13Sir Leopold
33%
17Statues/Travellers
17%
16Demon At Arms
0%

Score Distribution

Percentile by Number Answered

Percent of People with Each Score

Your Score History

You have not taken this quiz